|
|
|
|
| LEADER |
00000nam a2200000Ia 4500 |
| 008 |
180704b1991 cr ||||| |||| 00| | spa d |
| 999 |
|
|
|c 1991
|d 1991
|
| 090 |
|
|
|a 06.06.01
|b 279
|
| 100 |
|
|
|a Gutiérrez Carranza, Claudio
|9 3904
|
| 245 |
1 |
6 |
|a De la gente universitaria /
|c Claudio Gutiérrez Carranza
|
| 260 |
|
|
|a San José, Costa Rica :
|b Editorial Universidad de Costa Rica,
|c 1982
|
| 300 |
|
|
|a 237 páginas
|
| 650 |
1 |
4 |
|a ESTUDIANTES
|9 332
|
| 650 |
1 |
4 |
|a REFORMA DE LA EDUCACIÓN
|9 7
|
| 650 |
1 |
4 |
|a POLITICA SOCIAL
|9 2251
|
| 650 |
1 |
4 |
|a EDUCACIÓN SUPERIOR
|9 8
|
| 650 |
1 |
4 |
|a CULTURA
|9 378
|
| 942 |
|
|
|i 00355
|h 06.06.01 279
|2 z
|c 01
|